Analysis of the Translation of a Selected Literary Work bakalárska práca

Enregistré dans:
Détails bibliographiques
Auteur principal: Nekorancová, Ester
Collectivité auteur: Fakulta aplikovaných jazykov EU v Bratislave. Katedra jazykovedy a translatológie
Autres auteurs: Vargová, Dominika, 1987-
Format: Livre
Langue:anglais
Publié: Bratislava 2021
Tags: Ajouter un tag
Pas de tags, Soyez le premier à ajouter un tag!

MARC

LEADER 00000nbm a2200000 4500
001 0274902
005 20220216083851.1
041 0 |a eng 
044 |a SK 
245 1 0 |a Analysis of the Translation of a Selected Literary Work  |b bakalárska práca  |c Ester Nekorancová ; školiteľ: Dominika Vargová 
264 1 |a Bratislava  |c 2021 
300 |a 44 s. 
100 1 |a Nekorancová, Ester 
700 1 |a Vargová, Dominika, 1987- 
710 2 |a Fakulta aplikovaných jazykov EU v Bratislave. Katedra jazykovedy a translatológie